Detection of Fake Profiles on Multiple Platforms (DFPMP) / (Record no. 603363)

000 -LEADER
fixed length control field 00782nam a22001817a 4500
003 - CONTROL NUMBER IDENTIFIER
control field NUST
040 ## - CATALOGING SOURCE
Original cataloging agency 0
082 ## - DEWEY DECIMAL CLASSIFICATION NUMBER
Classification number 621.382,NAQ
100 ## - MAIN ENTRY--PERSONAL NAME
Personal name Ali Naqi, Syed Muhammad
245 ## - TITLE STATEMENT
Title Detection of Fake Profiles on Multiple Platforms (DFPMP) /
Statement of responsibility, etc. Syed Muhammad Ali Naqi, Muhammad Sabeeh Waqas, Mirza Haidar and Syed Muhammad Hasan. (TCC-31 / BETE-56)
264 ## - PRODUCTION, PUBLICATION, DISTRIBUTION, MANUFACTURE, AND COPYRIGHT NOTICE
Place of production, publication, distribution, manufacture Rawalpindi
Name of producer, publisher, distributor, manufacturer MCS (NUST)
Date of production, publication, distribution, manufacture, or copyright notice 2023
300 ## - PHYSICAL DESCRIPTION
Extent 68 p.;
505 ## - FORMATTED CONTENTS NOTE
Formatted contents note Introduction (Page-10), Literature Review (Page-19), Design and Development (Page-26), Derailed Evaluation and Analysis of the Code (Page-41), Conclusion (Page-57), References (Page-60).
650 ## - SUBJECT ADDED ENTRY--TOPICAL TERM
Topical term or geographic name entry element UG EE Project
690 ## - LOCAL SUBJECT ADDED ENTRY--TOPICAL TERM (OCLC, RLIN)
Topical term or geographic name as entry element TCC-31 / BETE-56
700 ## - ADDED ENTRY--PERSONAL NAME
Personal name Supervised by Dr. Haider Abbas
942 ## - ADDED ENTRY ELEMENTS (KOHA)
Source of classification or shelving scheme
Koha item type Project Report
Holdings
Withdrawn status Permanent Location Current Location Shelving location Date acquired Full call number Barcode Koha item type
  Military College of Signals (MCS) Military College of Signals (MCS) Thesis 10/07/2023 621.382,NAQ MCSPTC-447 Project Report
© 2023 Central Library, National University of Sciences and Technology. All Rights Reserved.